000 00444nam a22001697a 4500
003 CEME
005 20210628210740.0
008 210212b xxu||||| |||| 00| 0 eng d
020 _a981-235-917-6
040 _c.
082 _a005.44 JOH
100 _aTroan, Erik.W Johnson, Michael.K
_980836
245 _aLinux application development
260 _aENGLAND
_bADDISON WESLEY
_c2000
650 _aLINUX DEVELOPMENT
_980837
942 _cBK
_2ddc
999 _c585697
_d585697